| 000 | 00665nam a2200241Ia 4500 | ||
|---|---|---|---|
| 003 | OSt | ||
| 005 | 20220928112407.0 | ||
| 006 | a|||||r|||| 00| 0 | ||
| 007 | ta | ||
| 008 | 220927b |||||||| |||| 00| 0 eng d | ||
| 024 | _a62715 | ||
| 037 | _cTextual | ||
| 040 |
_aSDCL _cSDCL _beng |
||
| 041 |
_2eng _aeng |
||
| 082 | _aB28931, P1 | ||
| 100 |
_aAlevras Dimitris _9427739 |
||
| 245 | 0 | _aLinear optimization and extentions. | |
| 260 |
_aNew Delhi _bSpringer _c2001 |
||
| 300 |
_aix,449p. _ccm. |
||
| 700 |
_a Padberg Manfred W _9427740 |
||
| 942 |
_hB28931, P1 _cTEXL _2CC |
||
| 999 |
_c744494 _d744494 |
||